| 000 | 00496pam a2200181 a 4500 | ||
|---|---|---|---|
| 020 |
_a8180611043 _c262.00 |
||
| 041 |
_aeng _hNULL |
||
| 082 |
_a618.2 _bBAS |
||
| 100 | _aBASTIDAR, K . | ||
| 245 |
_aMANUAL OF ULTRASOUND IN OBSTETRICS & GYNAECOLOGY / _cNULL. _hTextual Documents |
||
| 260 |
_aNULL : _bJAYPEE BROTHERS MEDICAL PUB. , _c2003. |
||
| 300 |
_a169 : _bxiv ; _cNULL . |
||
| 365 |
_a262.00 _e1 |
||
| 907 | _a2776 | ||
| 930 | _a866 | ||
| 999 |
_c795402 _d795402 |
||
| 650 | _aOBST.GYNE | ||